<?xml version="1.0" encoding="UTF-8"?>
<collection xmlns="http://www.loc.gov/MARC21/slim">
 <record>
  <leader>00940nam a2200337   4500</leader>
  <controlfield tag="001">DLU110121877</controlfield>
  <controlfield tag="005">##20110526</controlfield>
  <controlfield tag="008">##840918s1961    nyu           000 0 eng  </controlfield>
  <datafield tag="010" ind1="#" ind2="#">
   <subfield code="a">   61008630 </subfield>
  </datafield>
  <datafield tag="035" ind1="#" ind2="#">
   <subfield code="9">(DLC)   61008630</subfield>
  </datafield>
  <datafield tag="040" ind1="#" ind2="#">
   <subfield code="a">DLC/ICU</subfield>
   <subfield code="c">ICU</subfield>
   <subfield code="d">DLC</subfield>
  </datafield>
  <datafield tag="041" ind1="#" ind2="#">
   <subfield code="a">engrus</subfield>
  </datafield>
  <datafield tag="082" ind1="#" ind2="#">
   <subfield code="a">512.5</subfield>
   <subfield code="b">GE-I</subfield>
  </datafield>
  <datafield tag="100" ind1="#" ind2="#">
   <subfield code="a">Gelʹfand, I. M.</subfield>
   <subfield code="q">(Izrailʹ Moiseevich)</subfield>
  </datafield>
  <datafield tag="245" ind1="#" ind2="#">
   <subfield code="a">Lectures on linear algebra /</subfield>
   <subfield code="c">Translated from the rev. 2d Russian ed., by A. Shenitzer.</subfield>
  </datafield>
  <datafield tag="260" ind1="#" ind2="#">
   <subfield code="a">New York :</subfield>
   <subfield code="b">Interscience Publishers,</subfield>
   <subfield code="c">[1961].</subfield>
  </datafield>
  <datafield tag="300" ind1="#" ind2="#">
   <subfield code="a">185 p. ;</subfield>
   <subfield code="c">24 cm.</subfield>
  </datafield>
  <datafield tag="650" ind1="#" ind2="#">
   <subfield code="a">Algebras, Linear.</subfield>
  </datafield>
  <datafield tag="830" ind1="#" ind2="#">
   <subfield code="a">Interscience tracts in pure and applied mathematics ;</subfield>
   <subfield code="v">no. 9.</subfield>
  </datafield>
  <datafield tag="923" ind1="#" ind2="#">
   <subfield code="a">01/2011TN</subfield>
  </datafield>
  <datafield tag="990" ind1="#" ind2="#">
   <subfield code="a">t.IX</subfield>
  </datafield>
  <datafield tag="991" ind1="#" ind2="#">
   <subfield code="a">GT</subfield>
  </datafield>
  <datafield tag="992" ind1="#" ind2="#">
   <subfield code="a">0</subfield>
  </datafield>
  <datafield tag="994" ind1="#" ind2="#">
   <subfield code="a">KTN</subfield>
  </datafield>
  <datafield tag="900" ind1="#" ind2="#">
   <subfield code="a">True</subfield>
  </datafield>
  <datafield tag="911" ind1="#" ind2="#">
   <subfield code="a">Đào Thị Thu Huyền</subfield>
  </datafield>
  <datafield tag="925" ind1="#" ind2="#">
   <subfield code="a">G</subfield>
  </datafield>
  <datafield tag="926" ind1="#" ind2="#">
   <subfield code="a">A</subfield>
  </datafield>
  <datafield tag="927" ind1="#" ind2="#">
   <subfield code="a">SH</subfield>
  </datafield>
  <datafield tag="980" ind1="#" ind2="#">
   <subfield code="a">Thư viện Trường Đại học Đà Lạt</subfield>
  </datafield>
 </record>
</collection>
